000 00323nam a2200145 a 4500
008 970117s1977||||xx 0 und c
040 _aSNK
_bslo
_cSNK
_eAACR2
100 1 _aFallada, Hans
245 1 0 _aPijan
260 _bOsveta
_c1977
_aBratislava
300 _a231 s.
020 _c21
044 _axo
_cSK
041 _aslo
999 _c10617
_d10617